Country by person - Statistics

General Stats
  • This quiz has been taken 7 times
  • The average score is 6 of 8
Answer Stats
Picture Answer % Correct
Australia
100%
USA
100%
India
80%
Mongolia
80%
Nigeria
80%
Russia
80%
Saudi arabia
80%
Colombia
40%
No matching quizzes found
Score Distribution
Percent of People with Each Score
Percentile by Number Answered
Your Score History
You have not taken this quiz